Previously developed land that may be available for development (Record no. 105834)

MARC details
000 -LEADER
fixed length control field 01091cam a2200205 4500
001 - CONTROL NUMBER
control field ##L134888
008 - FIXED-LENGTH DATA ELEMENTS--GENERAL INFORMATION
fixed length control field 060908n2006 000 0 eng u
035 ## - SYSTEM CONTROL NUMBER
System control number (Sirsi) u134888
041 0# - LANGUAGE CODE
Language code of text/sound track or separate title eng
050 04 - LIBRARY OF CONGRESS CALL NUMBER
Classification number 333.73 $2 18
110 1# - MAIN ENTRY--CORPORATE NAME
Corporate name or jurisdiction name as entry element United Kingdom
Subordinate unit Department for Communities and Local Government
9 (RLIN) 4939
245 00 - TITLE STATEMENT
Title Previously developed land that may be available for development
Remainder of title England 2005
260 ## - PUBLICATION, DISTRIBUTION, ETC.
Place of publication, distribution, etc. London
Name of publisher, distributor, etc. DCLG
Date of publication, distribution, etc. 2006
520 ## - SUMMARY, ETC.
Summary, etc. Sets out information collected in 2005 for the National Land Use Database of previously developed land. Suggests that in 2005 there were an estimated 63 500 hectares of previously developed land in England of which an estimated 58% (36 600 hectares) was vacant or derelict. The remaining previously developed land was in use but with potential for redevelopment.
590 ## - LOCAL NOTE (RLIN)
Local note IKA190906 NTK
651 #4 - SUBJECT ADDED ENTRY--GEOGRAPHIC NAME
Geographic name England
Chronological subdivision 886-
690 ## - LOCAL SUBJECT ADDED ENTRY--TOPICAL TERM (OCLC, RLIN)
Topical term or geographic name as entry element PROPERTY-PROPERTY DEVELOPMENT-SUSTAINABLE PROPERTY DEVELOPMENT
856 40 - ELECTRONIC LOCATION AND ACCESS
Uniform Resource Identifier <a href="https://www.communities.gov.uk/index.asp?id=1502312">https://www.communities.gov.uk/index.asp?id=1502312</a>
Public note View the item free of charge at www.communities.gov.uk...
942 ## - ADDED ENTRY ELEMENTS (KOHA)
Suppress in OPAC 0
Holdings
Withdrawn status Lost status Source of classification or shelving scheme Damaged status Not for loan Home library Current library Shelving location Date acquired Total Checkouts Full call number Barcode Date last seen Copy number Price effective from Koha item type
    Dewey Decimal Classification     Virtual Virtual Online 08/09/2006   ONLINE PUBLICATION 134888-1001 06/08/2019 1 06/08/2019 Book